La emoción cultural (notice nᵒ 1806)
[ vue normale ]
| 000 -Sello discográfico | |
|---|---|
| campo de control de longitud fija | 01188nam a2200349 4500 |
| 005 - Identificación de versión | |
| campo de control | 20251016083121.0 |
| 010 ## - Número Estándar Internacional de Libros (ISBN) | |
| Número (ISBN) | 968-29-8804-7 |
| 035 ## - Otros números de control del sistema | |
| Número de control del sistema | 22303 |
| 099 ## - fechas locales | |
| Tipo de ítem Koha | LIBRO |
| 100 ## - Datos de procesamiento general | |
| Datos de procesamiento general | 19970613d1996 m y1spay5003 ba |
| 101 1# - Idioma del recurso | |
| Idioma del texto, banda sonora, etc. | Español; Castellano |
| Idioma de la obra original | Francés |
| 105 ## - Campo de datos codificados: Material textual, monográfico | |
| Datos codificados de monografía | y 001zy |
| 200 1# - Título y mención de responsabilidad | |
| Título propio | La emoción cultural |
| Designación general del material | texto impreso |
| Primer mención de responsabilidad | Daniel Toscan du Plantier |
| Declaración de responsabilidad subsiguiente | prólogo Jorge Alberto Lozoya |
| -- | prefacio Catherine Clément |
| -- | traducción Nuria Parés |
| 205 ## - Declaración de edición | |
| Declaración de edición | 1a ed |
| 210 ## - Publicación, distribución, etc. | |
| Lugar de publicación, distribución, etc. | México |
| Nombre del editor, distribuidor, etc. | Consejo Nacional para la Cultura y las Artes : Instituto Mexicano de Cinematografía |
| Fecha de publicación, distribución, etc. | 1996 |
| 215 ## - Descripción física | |
| Designación de material específico y extensión del ítem | 165 p |
| Dimensiones | 23 cm |
| 300 ## - Notas generales | |
| Texto de la nota | Traducción de : L'émotion culturelle |
| 345 ## - Nota de información de adquisición | |
| Fuente de adquisición/dirección de la suscripción [OBSOLETO] | Donación del CNCA |
| 606 ## - Término temático usado como materia | |
| Elemento de entrada | Cinematografía |
| Subdivisión temática | Aspectos sociales |
| Subdivisión geográfica | Francia |
| Número Koha | 4486 |
| 660 ## - Código de área geográfica | |
| Código | MX |
| 700 ## - Nombre personal - Responsabilidad primaria | |
| Elemento de entrada | Toscan du Plantier |
| Parte del nombre distinta del elemento de entrada | Daniel |
| Número Koha | 4487 |
| 702 ## - Nombre personal - Responsabilidad secundaria | |
| Elemento de entrada | Clément |
| Parte del nombre distinta del elemento de entrada | Catherine |
| Número Koha | 4488 |
| 702 ## - Nombre personal - Responsabilidad secundaria | |
| Elemento de entrada | Lozoya Legorreta |
| Parte del nombre distinta del elemento de entrada | Jorge Alberto |
| Fechas | 1943- |
| Número Koha | 1249 |
| 702 ## - Nombre personal - Responsabilidad secundaria | |
| Elemento de entrada | Parés |
| Parte del nombre distinta del elemento de entrada | Nuria |
| Número Koha | 4489 |
| 801 #0 - Fuente de origen | |
| Agencia | cm |
| 900 ## - | |
| -- | 1/14222 |
| 900 ## - | |
| -- | 710973706\\130697 |
| 942 ## - ELEMENTOS DE ENTRADA SECUNDARIOS (KOHA) | |
| Tipo de ítem Koha | Livre |
| 996 ## - | |
| -- | MEX |
| -- | 751145101 |
| -- | MMAG |
| -- | 005659 |
| -- | 791.43 T713E |
| -- | 20211227LIV |
| Estatus retirado | Estado de daño | Estado de pérdida | Fecha de adquisición | Biblioteca de origen | Biblioteca actual | Ubicación en estantería | Código de barras | Precio de reemplazo | Signatura topográfica completa | No para préstamo | Tipo de ítem Koha | Nota pública | Nota no pública |
|---|---|---|---|---|---|---|---|---|---|---|---|---|---|
| 05/08/2025 | Casa México Paris | Casa México Paris | 005659 | 05/08/2025 | 791.43 T713E | Livre | 20211227LIV | 751145101 |